Genomics and world health : (Record no. 681)

MARC details
000 -LEADER
fixed length control field 00877cam a22002654a 4500
001 - CONTROL NUMBER
control field 12876895
003 - CONTROL NUMBER IDENTIFIER
control field OSt
005 - DATE AND TIME OF LATEST TRANSACTION
control field 20230606141920.0
008 - FIXED-LENGTH DATA ELEMENTS--GENERAL INFORMATION
fixed length control field 020731n2002 sz a b 000 0 eng
010 ## - LIBRARY OF CONGRESS CONTROL NUMBER
LC control number 2002436095
020 ## - INTERNATIONAL STANDARD BOOK NUMBER
International Standard Book Number 9241545542
040 ## - CATALOGING SOURCE
Original cataloging agency DLC
Transcribing agency DLC
Modifying agency DLC
042 ## - AUTHENTICATION CODE
Authentication code pcc
082 ## - DEWEY DECIMAL CLASSIFICATION NUMBER
Classification number 576.5
Item number WHO
110 2# - MAIN ENTRY--CORPORATE NAME
Corporate name or jurisdiction name as entry element World Health Organization.
Subordinate unit Advisory Committee on Health Research.
245 10 - TITLE STATEMENT
Title Genomics and world health :
Remainder of title report of the Advisory Committee on Health Research.
260 ## - PUBLICATION, DISTRIBUTION, ETC. (IMPRINT)
Place of publication, distribution, etc. Geneva :
Name of publisher, distributor, etc. World Health Organization,
Date of publication, distribution, etc. 2002.
300 ## - PHYSICAL DESCRIPTION
Extent 241 p. :
Other physical details ill. (some col.) ;
Dimensions 23 cm.
504 ## - BIBLIOGRAPHY, ETC. NOTE
Bibliography, etc Includes bibliographical references (p. [229]-241).
650 #0 - SUBJECT ADDED ENTRY--TOPICAL TERM
Topical term or geographic name as entry element Genomics.
650 #0 - SUBJECT ADDED ENTRY--TOPICAL TERM
Topical term or geographic name as entry element World health.
906 ## - LOCAL DATA ELEMENT F, LDF (RLIN)
a 7
b cbc
c orignew
d 3
e ncip
f 20
g y-gencatlg
942 ## - ADDED ENTRY ELEMENTS (KOHA)
Source of classification or shelving scheme Dewey Decimal Classification
Koha item type Books
Holdings
Withdrawn status Lost status Source of classification or shelving scheme Damaged status Not for loan Home library Current library Date acquired Total Checkouts Full call number Barcode Date last seen Price effective from Koha item type
    Dewey Decimal Classification     Bunge Tower Library Bunge Tower Library 06/06/2023   576.5 WHO 10013276 06/06/2023 06/06/2023 Books
LIBRARY OPENING HOURS

When the Parliament is sitting: 8.00a.m - 7.00p.m or until the house adjourns
Mondays and Fridays and when the House is on Recess:  8.00a.m - 5.00p.m
Closed on Weekends and Public Holidays

Online Public Access Catalog (OPAC)
Website: http://www.parliament.go.ke
Bunge Library: https://libraryir.parliament.go.ke
Contact: library@parliament.go.ke | Tel no: (254-2)2221291 or 2848000 Ext 5043